전 세계의 수도 - Statistics

General Stats
  • This quiz has been taken 6 times
  • The average score is 83 of 196
Answer Stats
Country Capital City % Correct
브라질 브라실리아
100%
중국 베이징
100%
덴마크 코펜하겐
100%
이집트 카이로
100%
프랑스 파리
100%
독일 베를린
100%
그리스 아테네
100%
인도 뉴델리
100%
이탈리아 로마
100%
일본 도쿄
100%
룩셈부르크 룩셈부르크
100%
모나코 모나코
100%
노르웨이 오슬로
100%
러시아 모스크바
100%
대한민국 서울
100%
스페인 마드리드
100%
우크라이나 키이우
100%
영국 런던
100%
미국 워싱턴DC
100%
호주 캔버라
80%
오스트리아
80%
방글라데시 다카
80%
불가리아 소피아
80%
캄보디아 프놈펜
80%
캐나다 오타와
80%
인도네시아 자카르타
80%
아일랜드 더블린
80%
쿠웨이트 쿠웨이트시티
80%
멕시코 멕시코시티
80%
몽골 울란바토르
80%
네덜란드 암스테르담
80%
북한 평양
80%
파나마 파나마시티
80%
필리핀 마닐라
80%
산마리노 산마리노
80%
싱가포르 싱가포르
80%
대만 타이베이
80%
태국 방콕
80%
튀르키예 앙카라
80%
아랍에미리트 아부다비
80%
바티칸 바티칸
80%
베트남 하노이
80%
아르헨티나 부에노스아이레스
60%
벨기에 브뤼셀
60%
보스니아헤르체고비나 사라예보
60%
크로아티아 자그레브
60%
체코 프라하
60%
핀란드 헬싱키
60%
헝가리 부다페스트
60%
이란 테헤란
60%
이스라엘 예루살렘
60%
케냐 나이로비
60%
라오스 비엔티안
60%
리투아니아 빌뉴스
60%
네팔 카트만두
60%
뉴질랜드 웰링턴
60%
페루 리마
60%
포르투갈 리스본
60%
루마니아 부쿠레슈티
60%
사우디아라비아 리야드
60%
남아프리카공화국 프리토리아 / 케이프타운 / 블룸폰테인
60%
스리랑카 스리자야와르데네푸라코테
60%
스웨덴 스톡홀름
60%
스위스 베른
60%
아프가니스탄 카불
40%
알제리 알제
40%
벨리즈 벨모판
40%
부탄 팀푸
40%
칠레 산티아고
40%
코스타리카 산호세
40%
엘살바도르 산살바도르
40%
에스토니아 탈린
40%
에티오피아 아디스아바바
40%
가나 아크라
40%
과테말라 과테말라시티
40%
자메이카 킹스턴
40%
요르단 암만
40%
카자흐스탄 아스타나
40%
라트비아 리가
40%
레바논 베이루트
40%
말라위 릴롱궤
40%
말레이시아 쿠알라룸푸르
40%
미얀마 네피도
40%
오만 무스카트
40%
파키스탄 이슬라마바드
40%
폴란드 바르샤바
40%
카타르 도하
40%
세인트빈센트그레나딘 킹스타운
40%
세네갈 다카르
40%
시리아 다마스쿠스
40%
우즈베키스탄 타슈켄트
40%
예멘 사나
40%
알바니아 티라나
20%
안도라 안도라라벨라
20%
앙골라 루안다
20%
앤티가바부다 세인트존스
20%
아르메니아 예레반
20%
아제르바이잔 바쿠
20%
바하마 나사우
20%
바레인 마나마
20%
바베이도스 브릿지타운
20%
벨라루스 민스크
20%
베냉 포르토노보
20%
볼리비아 라파스 / 수크레
20%
보츠와나 가보로네
20%
브루나이 반다르세리베가완
20%
부르키나파소 와가두구
20%
부룬디 기테가
20%
카메룬 야운데
20%
카보베르데 프라이아
20%
중앙아프리카공화국 방기
20%
차드 은자메나
20%
콜롬비아 보고타
20%
코모로 모로니
20%
쿠바 하바나
20%
키프로스 니코시아
20%
콩고민주공화국 킨샤사
20%
지부티 지부티
20%
도미니카연방 로조
20%
도미니카공화국 산토도밍고
20%
동티모르 딜리
20%
에콰도르 키토
20%
적도기니 말라보
20%
에리트레아 아스마라
20%
에스와티니 음바바네
20%
미크로네시아 팔리키르
20%
피지 수바
20%
가봉 리브르빌
20%
감비아 반줄
20%
조지아 트빌리시
20%
그레나다 세인트조지
20%
기니 코나크리
20%
기니비사우 비사우
20%
가이아나 조지타운
20%
아이티 포르토프랭스
20%
온두라스 테구시갈파
20%
아이슬란드 레이캬비크
20%
이라크 바그다드
20%
코트디부아르 야무수크로
20%
키리바시 사우스타라와
20%
코소보 프리슈티나
20%
키르기스스탄 비슈케크
20%
레소토 마세루
20%
라이베리아 몬로비아
20%
리비아 트리폴리
20%
리히텐슈타인 파두츠
20%
마다가스카르 안타나나리보
20%
몰디브 말레
20%
말리 바마코
20%
몰타 발레타
20%
마셜제도 마주로
20%
모리타니 누악쇼트
20%
모리셔스 포트루이스
20%
몰도바 키시나우
20%
몬테네그로 포드고리차
20%
모로코 라바트
20%
모잠비크 마푸토
20%
나미비아 빈트후크
20%
나우루 야렌
20%
니카라과 마나과
20%
니제르 니아메이
20%
나이지리아 아부자
20%
북마케도니아 스코페
20%
팔라우 응게룰무드
20%
파푸아뉴기니 포트모르즈비
20%
파라과이 아순시온
20%
콩고공화국 브라자빌
20%
르완다 키갈리
20%
세인트킷츠네비스 바스테르
20%
세인트루시아 캐스트리스
20%
사모아 아피아
20%
상투메프린시페 상투메
20%
세르비아 베오그라드
20%
세이셸 빅토리아
20%
시에라리온 프리타운
20%
슬로바키아 브라티슬라바
20%
슬로베니아 류블랴나
20%
솔로몬제도 호니아라
20%
소말리아 모가디슈
20%
남수단 주바
20%
수단 하르툼
20%
수리남 파라마리보
20%
타지키스탄 두샨베
20%
탄자니아 도도마
20%
토고 로메
20%
통가 누쿠알로파
20%
트리니다드토바고 포트오브스페인
20%
튀니지 튀니스
20%
투르크메니스탄 아슈가바트
20%
투발루 푸나푸티
20%
우간다 캄팔라
20%
우루과이 몬테비데오
20%
바누아투 포트빌라
20%
베네수엘라 카라카스
20%
잠비아 루사카
20%
짐바브웨 하라레
20%
No matching quizzes found
Score Distribution
Percent of People with Each Score
Percentile by Number Answered
Your Score History
You have not taken this quiz